000 01169 a2200265 4500
001 60967
005 20260407155900.0
008 260407a1995 arg spa d
003 AR-UNSa-BCEJYS
040 _aAR-UNSa-BCEJYS
_bspa
_cAR-UNSa-BCEJYS
080 _a342.4
_xConstituciones. Asambleas legislativas. Asambleas nacionales (Reforma...)
245 1 0 _aInterpretando la Constitución
020 _a978-950-9385-25-2
264 1 _aBuenos Aires :
_bEdiciones Ciudad Argentina
_c1995
300 _a139 p.
_c20 cm.
505 _a1. Contenido e interpretación de los derechos constitucionales / Roberto Dromi - 2.Alcance de los tratados en la hermeneutica constitucional / María Elisa Carrió - 3. El Nuevo Poder Ejecutivo / Ricardo Gil Lavedra - 4. la Nueva Justicia: El Consejo de la Magistratura / Humberto Quiroga Lavié - 5. Diálogo entre Nación, provincias y municipios / Pedro j. Frías -
041 _aspa
942 _cBK
590 _aniveau_biblio:m niveau_hierar:0
100 1 _aCarrió, María Elisa
700 1 _aDromi, José Roberto
700 1 _aFrías, Pedro José
700 1 _aGil Lavedra, Ricardo
700 1 _aQuiroga Lavié, Humberto
999 _c7157
_d7157